Missing Word: Nicholas Sparks Novels Quiz Stats

 Plays Quiz Updated Oct 16, 2015

Challenge
Share
Tweet
Embed
Score 0/18 Timer 04:00
0 Plays Today
Book Title Word % Correct
Message in A ________Bottle
98.3%
At ________ SightFirst
83.3%
Dear ________John
83%
The ________Notebook
74.6%
A ________ To RememberWalk
73%
The ________ of MeBest
72.6%
The Longest ________Ride
72.6%
________ in RodantheNights
71.4%
The ________ SongLast
59.5%
Book Title Word % Correct
The ________ OneLucky
46.3%
A ________ in The RoadBend
40.3%
Safe ________Haven
33.7%
________ MeSee
30.4%
The ________Wedding
16.8%
True ________Believer
15.7%
The ________Choice
13.4%
The ________Guardian
13.2%
The ________Rescue
11.4%

Today's Daily Dose

Word Ladder
Aquatic Life

On This Day
August 21st II

You're not logged in!

Compare scores with friends on all Sporcle quizzes.
Join for Free
OR
Log In

You Might Also Like...

Show Comments

Extras

Top Quizzes Today


Score Distribution

Your Account Isn't Verified!

In order to create a playlist on Sporcle, you need to verify the email address you used during registration. Go to your Sporcle Settings to finish the process.

Report this User

Report this user for behavior that violates our Community Guidelines.

Details: